Verejné obstarávanie po novele zákona o verejnom obstarávaní

Od 1. augusta 2024 je účinná novela zákona o verejnom obstarávaní. V nasledujúcom príspevku autorka prináša prehľad zmien, ktoré novela priniesla.

Gespeichert in:
Bibliographische Detailangaben
1. Verfasser: Scheberová, Magdaléna
Format: Buchkapitel
Sprache:Slowakisch
Schlagworte:
Tags: Tag hinzufügen
Keine Tags, Fügen Sie das erste Tag hinzu!

MARC

LEADER 00000naa a2200000 4500
001 0304597
005 20241015124428.3
041 0 |a slo 
044 |a SK 
245 1 0 |a Verejné obstarávanie po novele zákona o verejnom obstarávaní  |c Magdaléna Scheberová 
520 |a Od 1. augusta 2024 je účinná novela zákona o verejnom obstarávaní. V nasledujúcom príspevku autorka prináša prehľad zmien, ktoré novela priniesla. 
610 2 0 |a legislatíva 
610 2 0 |a novelizácia 
610 2 0 |a zákazky 
610 2 0 |a limity cenové 
610 2 0 |a obstarávanie verejné 
100 1 |a Scheberová, Magdaléna